| 000 | 00704nam a2200205Ia 4500 | ||
|---|---|---|---|
| 003 | OSt | ||
| 005 | 20241003123245.0 | ||
| 008 | 210210b1981 xxu||||| |||| 00| 0 eng d | ||
| 040 | _cAL | ||
| 041 | _aKannada | ||
| 082 | _aK894.8 KANC | ||
| 100 |
_aKANNADA SAHITYA PARISHATTU. _dಕನ್ನಡ ಸಾಹಿತ್ಯ ಪರಿಷತ್ತು _9181241 |
||
| 245 |
_aChikkamagaluru sahitya sammelana. _bಚಿಕ್ಕಮಗಳೂರು ಸಾಹಿತ್ಯ ಸಮ್ಮೇಳನ |
||
| 260 |
_aBengaluru _bKannada Sahitya Partishattu _c1981 |
||
| 300 | _aviii,440 | ||
| 650 |
_aChikkamagaluru sahitya sammelana _9181242 |
||
| 690 |
_aKannada Miscellaneous _9181243 |
||
| 906 | _a036757 | ||
| 942 |
_2ddc _cBK |
||
| 999 |
_c87081 _d87081 |
||